Name the Paramore song from the lyric - Statistics

General Stats
  • This quiz has been taken 27 times
  • The average score is 5 of 10
Answer Stats
Hint Answer % Correct
Go get your shovelAnd we'll dig a deep hole Brick By Boring Brick
88%
Yeah, the friends who stuck together,we wrote our names in blood Ignorance
71%
Nothing compares to A quiet evening alone Just the one, two of us who's counting on Crushcrushcrush
59%
And we're not looking for violence, no, ohTonight we want to have fun Fast In My Car
59%
I hate to see your eyes get darker as they closeBut I've been there before Hate To See Your Heart Break
53%
But hearts are breaking and wars are raging onAnd I have taken my glasses off Rose-coloured Boy
53%
No, I don't need no helpI can sabotage me by myself Caught In the Middle
47%
It's just a spark, but it's enoughTo keep me going Last Hope
41%
Well, you always find an escapeJust running away From all of the ones who love you When It Rains
41%
'Cause I've seen love die way too many timesWhen it deserved to be alive Emergency
29%
No matching quizzes found
Score Distribution
Percent of People with Each Score
Percentile by Number Answered
Your Score History
You have not taken this quiz